The last battle / (Record no. 293)
[ view plain ]
| 000 -LEADER | |
|---|---|
| fixed length control field | 00898nam a22002657a 4500 |
| 001 - CONTROL NUMBER | |
| control field | 293 |
| 003 - CONTROL NUMBER IDENTIFIER | |
| control field | FISKH |
| 005 - DATE AND TIME OF LATEST TRANSACTION | |
| control field | 20230316160821.0 |
| 008 - FIXED-LENGTH DATA ELEMENTS--GENERAL INFORMATION | |
| fixed length control field | 230316b cb ||||| |||| 00| 0 eng d |
| 040 ## - CATALOGING SOURCE | |
| Original cataloging agency | FISKH |
| Language of cataloging | eng |
| Transcribing agency | FISKH |
| Modifying agency | FISKH |
| 050 ## - LIBRARY OF CONGRESS CALL NUMBER | |
| Classification number | PZ7.L58474 |
| 082 ## - DEWEY DECIMAL CLASSIFICATION NUMBER | |
| Classification number | 813 |
| 100 ## - MAIN ENTRY--PERSONAL NAME | |
| Personal name | Lewis, C.S. |
| Dates associated with a name | 1898-1963. |
| 245 ## - TITLE STATEMENT | |
| Title | The last battle / |
| Remainder of title | The chronicles of narnia |
| Statement of responsibility, etc. | C.S. Lewis |
| 260 ## - PUBLICATION, DISTRIBUTION, ETC. | |
| Place of publication, distribution, etc. | London |
| Name of publisher, distributor, etc. | HarperCollins |
| Date of publication, distribution, etc. | 2015 |
| 300 ## - PHYSICAL DESCRIPTION | |
| Extent | 172 p. |
| Dimensions | 18 cm. |
| 490 ## - SERIES STATEMENT | |
| Series statement | The chronicles of narnia |
| Volume/sequential designation | bk. 7 |
| 505 ## - FORMATTED CONTENTS NOTE | |
| Formatted contents note | Q |
| 520 ## - SUMMARY, ETC. | |
| Summary, etc. | Lucy and Edmund, accompanied by their peevish cousin Eustace, sail to the land of Narnia where Eustace is temporarily transformed into a green dragon because of his selfish behavior and skepticism. |
| 521 8# - TARGET AUDIENCE NOTE | |
| Target audience note | 890 <br/> |
| Source | Lexile |
| 521 8# - TARGET AUDIENCE NOTE | |
| Target audience note | Q <br/> |
| Source | Raz-Plus |
| 650 ## - SUBJECT ADDED ENTRY--TOPICAL TERM | |
| Topical term or geographic name entry element | fantasy |
| 800 ## - SERIES ADDED ENTRY--PERSONAL NAME | |
| Personal name | Lewis, C. S. |
| Numeration | bk. 7 |
| Dates associated with a name | 1898-1963. |
| Fuller form of name | Clive Staples |
| 942 ## - ADDED ENTRY ELEMENTS (KOHA) | |
| Source of classification or shelving scheme | Dewey Decimal Classification |
| Koha item type | Books |
| Suppress in OPAC | No |
| Withdrawn status | Lost status | Source of classification or shelving scheme | Damaged status | Not for loan | Collection | Home library | Current library | Shelving location | Date acquired | Total Checkouts | Full call number | Barcode | Date last seen | Date last checked out | Price effective from | Koha item type |
|---|---|---|---|---|---|---|---|---|---|---|---|---|---|---|---|---|
| Dewey Decimal Classification | Juvenile Fiction | Footprints International School Library Network Toul Kork Campus | Footprints International School Library Network Toul Kork Campus | 03/16/2023 | 1 | LEW 813 PZ7.L58474 | 2023-0031 | 03/23/2023 | 03/23/2023 | 03/16/2023 | Books |
